Положение о количестве материалов, какое назначать должно при составлении смет на постройку домов. (Запись № 5121184)

Подробности
000 -МАРКЕР
контрольное поле 02782nam0a22003731 4500
001 - ИДЕНТИФИКАТОР ЗАПИСИ
контрольное поле v19\rc\2106504
005 - ИДЕНТИФИКАТОР ВЕРСИИ
контрольное поле 20260408075828.0
035 ## - ДРУГИЕ СИСТЕМНЫЕ НОМЕРА
Идентификатор записи (NLR Aleph) 005179126
100 ## - ДАННЫЕ ОБЩЕЙ ОБРАБОТКИ
Данные общей обработки 20090914d1825 |||y0rusy50 ca
101 0# - ЯЗЫК РЕСУРСА
Язык текста, звукозаписи и т.д. русский
102 ## - СТРАНА ПУБЛИКАЦИИ ИЛИ ПРОИЗВОДСТВА
Страна публикации Российская Федерация
135 ## - ПОЛЕ КОДИРОВАННЫХ ДАННЫХ: ЭЛЕКТРОННЫЕ РЕСУРСЫ
Кодированные данные для электронного ресурса crcn 024anaba
140 ## - ПОЛЕ КОДИРОВАННЫХ ДАННЫХ: СТАРОПЕЧАТНЫЕ ИЗДАНИЯ - ОБЩАЯ ИНФОРМАЦИЯ
Кодированные данные о старопечатном издании - Основные z y eda yaa0000
200 1# - ЗАГЛАВИЕ И СВЕДЕНИЯ ОБ ОТВЕТСТВЕННОСТИ
Основное заглавие Положение о количестве материалов, какое назначать должно при составлении смет на постройку домов.
Сведения, относящиеся к заглавию Рассмотрено в Комитете г. г. министров в заседание 13-го декабря 1824 года, и высочайше утверждено 15-го генваря 1825 года
210 ## - ПУБЛИКАЦИЯ, РАСПРОСТРАНЕНИЕ И ДР.
Место издания, распространения и т.д. С.Петербург
Имя издателя, распространителя и т. д. печатано в типографии Штаба военных поселений
Дата издания, распространения и т.д. 1825
215 ## - ФИЗИЧЕСКАЯ ХАРАКТЕРИСТИКА
Специфическое обозначение материала и объем [6], 103, [1] с., [3] л. черт.
Размеры
316 ## - ПРИМЕЧАНИЯ ОБ ОСОБЕННОСТЯХ ЭКЗЕМПЛЯРА
Текст примечания Экз. РНБ (18.123.7.39) в сост. картон. пер., оклеен. мрамор. бумагой, с кожан. корешком и уголками. Обрез крапчатый синий. На корешке блинтовое тиснение с позолотой, черная кожан. наклейка с вытисн. золотом загл. и бумаж. наклейка. На нижней крышке пер. экслибрис ГПБ с шифром. На форзаце ярлык с шифром РНБ и рукоп. надпись библиогр. характера. На тит. л., с.33, [1] 2-го ряда и на обороте каждого л. черт. круглый штамп ГПБ. Размер: 25,0х20,5х1,7 см
Организация и экземпляр, к которому относится поле NLR: 18.123.7.39
325 ## - ПРИМЕЧАНИЕ О КОПИИ
Текст примечания Копия доступна в Электрон. б-ке РНБ
620 ## - МЕСТО И ДАТА ПУБЛИКАЦИИ, ИСПОЛНЕНИЯ И Т. Д.
Страна Санкт-Петербург
712 01 - НАИМЕНОВАНИЕ ОРГАНИЗАЦИИ - ВТОРИЧНАЯ ОТВЕТСТВЕННОСТЬ
Начальный элемент ввода Россия
Структурное подразделение Комитет министров
Идентификатор авторитетной/нормативной записи RU\NLR\AUTH\8810082470
Системный номер авторитетной/нормативной записи 667100
712 01 - НАИМЕНОВАНИЕ ОРГАНИЗАЦИИ - ВТОРИЧНАЯ ОТВЕТСТВЕННОСТЬ
Код отношения Печатник (типограф)
Начальный элемент ввода Россия
Структурное подразделение Штаб военных поселений
-- Типография
Системный номер авторитетной/нормативной записи 789988
Идентификатор авторитетной/нормативной записи RU\NLR\AUTH\880561394
801 #0 - ИСТОЧНИК ЗАПИСИ
Страна Российская Федерация
Организация NLR
Правила каталогизации psbo
801 #1 - ИСТОЧНИК ЗАПИСИ
Страна Российская Федерация
Организация ProSoft-M
Источник данных rusmarc
852 ## - МЕСТОНАХОЖДЕНИЕ И ШИФР ХРАНЕНИЯ
Идентификатор организации NLR
Шифр хранения (Call Number) 18.123.7.39
852 ## - МЕСТОНАХОЖДЕНИЕ И ШИФР ХРАНЕНИЯ
Идентификатор организации NLR
Шифр хранения (Call Number) 127/105
942 ## - ДОПОЛНИТЕЛЬНЫЕ ЭЛЕМЕНТЫ ЗАПИСИ (АБИС)
Тип экземпляра АБИС Книга
980 ## - КОЛЛЕКЦИЯ
Название коллекции Национальная библиография
981 22 - КОЛЛЕКЦИЯ ЭЛЕКТРОННОЙ БИБЛИОТЕКИ
Название коллекции Материалы по истории России
Название подколлекции 2. История России до 25 октября (7 ноября) 1917 года
981 20 - КОЛЛЕКЦИЯ ЭЛЕКТРОННОЙ БИБЛИОТЕКИ
Название коллекции Книжные памятники РНБ
Название подколлекции Русский книжный фонд
Экземпляры
Тип экземпляра Дата поступления Библиотека постоянного хранения Библиотека текущего хранения Место хранения Шифр хранения Штрих-код Статус экземпляра
Книга 26.10.2013 РНБ (Садовая) РНБ (Садовая) Русский книжный фонд -Главное здание, Ленинский читальный зал 18.123.7.39 5179126-10  
Книга 26.10.2013 РНБ (Садовая) РНБ (Садовая) Русский книжный фонд -Главное здание, Ленинский читальный зал 127/105 5179126-20